Statistics for The Americas Geography By Letter L - Picture Quiz

Click here to take the quiz!

General Stats

  • This quiz has been taken 201 times
  • The average score is 10 of 18

Answer Stats

Answer% Correct
{Lincoln} Memorial
96%
Llama
90%
Latin America
86%
Louisiana
86%
Los Angeles
82%
{Lesser} Antilles
80%
{Long} Island
80%
Labrador
74%
Lima
72%
Lone Star
72%
La Paz
50%
Mount {Logan}
45%
Louisville
42%
Lexington
39%
Lempira
17%
La Pampa
12%
{Lassen} {Volcanic} National Park
8%
{Lewis and Clark} National Historical Park
8%

Score Distribution

Percentile by Number Answered

Percent of People with Each Score

Your Score History

You have not taken this quiz